| 000 | nam a22 7a 4500 | ||
|---|---|---|---|
| 999 |
_c16046 _d16046 |
||
| 008 | 161108b xxu||||| |||| 00| 0 eng d | ||
| 020 | _a9780471545484 | ||
| 050 | _aGE 105 .B68 1995 | ||
| 100 |
_aBotkin Daniel _d1995 |
||
| 245 |
_aEnvironmental Science Earth is a living planet _cDaniel Botkin, Edward Keller |
||
| 250 | _a1st ed | ||
| 260 |
_aNew York _bJohn Wiley and Sons, inc. _c1995 |
||
| 300 |
_axxx,627p; _bincludes bibliographical references and indexes |
||
| 650 | _2Biological diversity | ||
| 942 |
_2lcc _cBOOKS _hGE 105 .B68 1995 _k21754 _01 |
||